| 000 | 00990nam a22002297a 4500 | ||
|---|---|---|---|
| 005 | 20180209153118.0 | ||
| 010 | _a1718EN-30ENG-122234 | ||
| 020 |
_a9789385724411 _c200.00 |
||
| 035 | _aB-683003-3006 | ||
| 035 | _aEN-105766 | ||
| 037 |
_bAakar _adpl |
||
| 037 | _bDBAD/PUB | ||
| 082 | _a616.4406 | ||
| 100 | _aDewekar, Rujuta | ||
| 245 |
_aThyroid book: _cby Rujuta Diwekar _bthe PCOD / |
||
| 260 |
_aNew Delhi _bWestlnd _c2016 |
||
| 270 |
_a93, I Floor, Sham Lal Road, Daryaganj, _bNew Delhi _e110002 |
||
| 300 | v |
_axiv,187p. _c19cm(pbk) |
|
| 500 | _a"Compiled from women & the weight loss Tamasha. Four strategies to counter pcod & Hypothyroid: nutrition, exercise, sleep & relationships. Including faqs with detailed answers"--Cover. | ||
| 942 |
_2ddc _cEN _mDIW _h616.4406 |
||
| 999 |
_c145390 _d145390 |
||